00414nam a2200157Ia 450000500170000000800410001704100120005808200150007010000140008524500550009925000080015426000260016250000080018865000460019670000140024220240823010418.0240823s9999||||xx |||||||||||||| ||und|| aENGLISH A620.106 P0 a"Som,S K" 0aIntroduction to Fluid Mechanics and Fluid Machines a1st c2000b"TMH,New Delhi" aYES aFluid MechanicsbAeronautical Engineering a Biswas G